000 00819nam a2200229 a 4500
003 CBULib
005 20240911115636.0
008 210628s2021 ||||||||||||||||| || u
020 _a9789211172584
040 _bEnglish
_cCBULib
_erda
_aCBULib
_dCBULib
050 _aUNECE(02)2021/2
110 _aUnited Nations Economic Commission for Europe (UNECE)
245 1 0 _aNatural resource nexuses in the ECE region.
_c/ by Nations Economic Commission for Europe(UNECE)
260 _aGeneva
_bUNITED NATIONS
_c2021
300 _axxxii, 108 pages : illustrations
336 _2rdacontent
_aText |
_btxt
337 _2rdamedia
_aUnmediated |
_bn
338 _2rdacarrier
_aVolume
_bnc
650 0 _aSUSTAINABLE DEVELOPMENT--21st CENTURY
_93593
942 _2mc
_c029
999 _c51992
_d51992